| 000 | 00593cab a2200229 4500 | ||
|---|---|---|---|
| 001 | ABS53496 | ||
| 008 | 090401t1995 xxu||||| |||| 00| 0 eng d | ||
| 035 | _a(Sirsi) u4705 | ||
| 041 | _aeng | ||
| 100 | _aLennhoff, D.C. | ||
| 245 | _aHighest and best user | ||
| 260 | _c1995 | ||
| 350 | _a0 | ||
| 490 |
_aAppraisal Journal _v63(3) July 1995, 275-280(6) |
||
| 520 | _aHighlights the importance of the `use` factor in the valuation process. | ||
| 650 | _aUSE | ||
| 650 | _aVALUATIONS | ||
| 690 | _aRATING AND VALUATION | ||
| 700 | _aElgie, W.A. | ||
| 942 | _n0 | ||
| 948 | _c04/03/1997 | ||
| 999 |
_c2853 _d2853 |
||